| 000 | 01169nam a22002897a 4500 | ||
|---|---|---|---|
| 999 |
_c120316 _d120316 |
||
| 003 | dpl | ||
| 005 | 20190408131356.0 | ||
| 008 | 190408b ||||| |||| 00| 0 eng d | ||
| 010 | _aB-058289 | ||
| 020 |
_c175.00 _a8172762283 |
||
| 035 | _aB-058289, B-058293, B-058290 | ||
| 037 | _bCen Lib/Ret | ||
| 040 |
_aDPL _bHN _c0 |
||
| 082 |
_a181.4 _bशांतिध |
||
| 100 |
_aशांतिधर्मानंद, स्वामी _945104 |
||
| 245 |
_aसर्व दर्शन सार / _cशांतिधर्मानंद स्वामी |
||
| 246 |
_aSarv darshan saar / _bby Shantidharmand Swamy |
||
| 260 |
_aमुंबई _bभारतीय विद्या भवन _c2000 |
||
| 270 |
_aकुलपति मुंशी मार्ग _bमुंबई _e400007 |
||
| 300 |
_a212पृ. _c20सेमी (सजिल्द) |
||
| 500 | _aपरिशिष्ट शामिल | ||
| 650 |
_aदर्शन _9104955 |
||
| 650 |
_aदर्शन--वेद _9104956 |
||
| 650 |
_aPhilosophy _9104957 |
||
| 650 |
_aPhilosophy - Veda _989667 |
||
| 942 |
_2ddc _cEN _h181.4 _mशांतिध |
||